[Event "Campeonato de Europa 2011 Femenino"]
[Site "Tbilisi GEO"]
[Date "2011.05.10"]
[Round "4.42"]
[White "Szczepkowska-Horowska, Karina"]
[Black "Gevorgyan, Maria"]
[Result "0-1"]
[WhiteElo "2336"]
[BlackElo "2065"]
[PlyCount "28"]
[EventDate "2011.05.07"]
[EventType "swiss"]
[EventRounds "11"]
[EventCountry "GEO"]
[Source "lmi"]
[SourceDate "2011.05.07"]

1. e4 e5 2. Nf3 Nf6 3. Nc3 Nc6 4. Bb5 Nd4 5. Ba4 Bc5 6. O-O O-O 7. Nxe5 d6 8.
Nd3 Bg4 9. Qe1 Nf3+ 10. gxf3 Bxf3 11. Nf4 Nd5 12. Nfe2 Qg5+ 13. Ng3 Nf4 14. Bd7
f5 0-1

[Event "Campeonato de Europa 2011 Femenino"]
[Site "Tbilisi GEO"]
[Date "2011.05.10"]
[Round "4.47"]
[White "Rizhamadze, Patman"]
[Black "Olsarova, Tereza"]
[Result "1/2-1/2"]
[WhiteElo "2052"]
[BlackElo "2234"]
[PlyCount "63"]
[EventDate "2011.05.07"]
[EventType "swiss"]
[EventRounds "11"]
[EventCountry "GEO"]
[Source "lmi"]
[SourceDate "2011.05.07"]

1. d4 d5 2. c4 e6 3. Nc3 c6 4. Nf3 Nf6 5. cxd5 exd5 6. Bg5 Bf5 7. e3 Qb6 8. Qc1
Nbd7 9. Be2 Bd6 10. O-O O-O 11. Bh4 Rae8 12. Nd2 Re6 13. Bg3 Bxg3 14. hxg3 Ne4
15. Ndxe4 dxe4 16. d5 Rh6 17. dxc6 Qxc6 18. Rd1 Qe6 19. Qd2 Ne5 20. Qd5 Ng4 21.
Qxe6 Rxe6 22. Rd4 Nf6 23. Rad1 h6 24. Bc4 Re7 25. a4 a6 26. a5 Rfe8 27. Na4 Bd7
28. Nc5 Bc6 29. Rd6 Rc7 30. b4 Ng4 31. R1d4 Kh7 32. Bd5 1/2-1/2

[Event "Campeonato de Europa 2011 Femenino"]
[Site "Tbilisi GEO"]
[Date "2011.05.10"]
[Round "4.48"]
[White "Guliyeva, Sabina Ilqar qizi"]
[Black "Umudova, Nargiz"]
[Result "1/2-1/2"]
[WhiteElo "2040"]
[BlackElo "2230"]
[PlyCount "104"]
[EventDate "2011.05.07"]
[EventType "swiss"]
[EventRounds "11"]
[EventCountry "GEO"]
[Source "lmi"]
[SourceDate "2011.05.07"]

1. e4 c5 2. Nf3 Nc6 3. d4 cxd4 4. Nxd4 g6 5. c4 Bg7 6. Be3 Nf6 7. Nc3 O-O 8.
Be2 d6 9. O-O Bd7 10. Rc1 Nxd4 11. Bxd4 Bc6 12. f3 a5 13. Qd2 Nd7 14. Bxg7 Kxg7
15. Qd4+ Kg8 16. Kh1 a4 17. f4 Qa5 18. Nd5 Rfe8 19. e5 dxe5 20. fxe5 e6 21.
Nf6+ Nxf6 22. exf6 Qg5 23. Qf2 e5 24. h4 Qh6 25. Kg1 Rad8 26. Rcd1 Rd4 27. Rxd4
exd4 28. Bf3 Bxf3 29. Qxf3 Qxh4 30. Qxb7 h6 31. c5 d3 32. Qd5 Qg3 33. c6 Qe3+
34. Rf2 Qe1+ 35. Rf1 Qe3+ 36. Rf2 Qc1+ 37. Kh2 Re1 38. g3 Qe3 39. Rg2 Qc1 40.
Rf2 Re2 41. Rxe2 dxe2 42. Qd8+ Kh7 43. Qf8 Qh1+ 44. Kxh1 e1=Q+ 45. Kg2 Qe2+ 46.
Kg1 Qe3+ 47. Kg2 Qe4+ 48. Kh2 Qc2+ 49. Kh3 Qf5+ 50. Kh2 Qc2+ 51. Kh3 Qf5+ 52.
Kh2 Qc2+ 1/2-1/2

[Event "Campeonato de Europa 2011 Femenino"]
[Site "Tbilisi GEO"]
[Date "2011.05.10"]
[Round "4.49"]
[White "Kobeshavidze, Lika"]
[Black "Foisor, Mihaela-Veronica"]
[Result "0-1"]
[WhiteElo "1988"]
[BlackElo "2220"]
[PlyCount "62"]
[EventDate "2011.05.07"]
[EventType "swiss"]
[EventRounds "11"]
[EventCountry "GEO"]
[Source "lmi"]
[SourceDate "2011.05.07"]

1. e4 e6 2. d4 d5 3. exd5 Qxd5 4. Nc3 Qd8 5. Nf3 Nf6 6. Bd3 Be7 7. O-O O-O 8.
Ne2 b6 9. Ng3 Bb7 10. c3 Nbd7 11. Qe2 c5 12. Rd1 Qc7 13. Bg5 h6 14. Bd2 Nd5 15.
Ne5 Rad8 16. Nh5 N7f6 17. Ng3 cxd4 18. cxd4 Nb4 19. Rac1 Qb8 20. Bb1 Qa8 21. a3
Nc6 22. Bc3 Nd5 23. Qc2 f5 24. Nxc6 Bxc6 25. Bd2 Rc8 26. Qd3 a6 27. Qe2 Rfe8
28. Bd3 Bb7 29. Be3 Rc7 30. Re1 f4 31. Bxf4 Nxf4 0-1

[Event "Campeonato de Europa 2011 Femenino"]
[Site "Tbilisi GEO"]
[Date "2011.05.10"]
[Round "4.51"]
[White "Imnadze, Nato"]
[Black "Khmiadashvili, Tamar"]
[Result "0-1"]
[WhiteElo "1962"]
[BlackElo "2204"]
[PlyCount "70"]
[EventDate "2011.05.07"]
[EventType "swiss"]
[EventRounds "11"]
[EventCountry "GEO"]
[Source "lmi"]
[SourceDate "2011.05.07"]

1. e4 c6 2. d4 d6 3. c3 g6 4. Nf3 Bg7 5. Bd3 Qc7 6. O-O Nd7 7. Re1 e5 8. Be3
Ngf6 9. h3 O-O 10. Qc2 Re8 11. Nbd2 Nf8 12. Rad1 Ne6 13. dxe5 dxe5 14. Nc4 Nd7
15. Bf1 Bf8 16. Bc1 b5 17. Ne3 Nf6 18. c4 b4 19. b3 Nc5 20. Bd3 Nh5 21. Bb2 a5
22. Bf1 Nf4 23. Kh2 f6 24. g3 Nh5 25. Bg2 Ng7 26. Nh4 Be7 27. Kg1 a4 28. Nf3
axb3 29. axb3 Bb7 30. Ra1 h5 31. Red1 Kh7 32. Ne1 Nge6 33. Nd3 Nxd3 34. Qxd3
Nc5 35. Qc2 Ra6 0-1

[Event "Campeonato de Europa 2011 Femenino"]
[Site "Tbilisi GEO"]
[Date "2011.05.10"]
[Round "4.52"]
[White "Gogishvili, Dea"]
[Black "Semenova, Elena"]
[Result "0-1"]
[WhiteElo "1856"]
[BlackElo "2188"]
[PlyCount "88"]
[EventDate "2011.05.07"]
[EventType "swiss"]
[EventRounds "11"]
[EventCountry "GEO"]
[Source "lmi"]
[SourceDate "2011.05.07"]

1. e4 e5 2. Nc3 Nf6 3. g3 d5 4. exd5 Nxd5 5. Bg2 Nxc3 6. bxc3 Nc6 7. Ne2 Bc5 8.
Bb2 O-O 9. O-O Bf5 10. d4 Bd6 11. c4 Nb4 12. dxe5 Bc5 13. Nf4 Nxc2 14. Rc1 Nb4
15. a3 Nc6 16. Qh5 Qc8 17. Nd5 Bg6 18. Qh4 Re8 19. Bh3 Qb8 20. e6 fxe6 21. Nf6+
gxf6 22. Qxf6 e5 23. Bg2 Re7 24. Bd5+ Bf7 25. Qg5+ Kf8 26. Bxc6 bxc6 27. Bxe5
Bg6 28. Bf6 Bxa3 29. Bxe7+ Bxe7 30. Qe5 Kf7 31. Rce1 Bf6 32. Qe6+ Kg7 33. Qd7+
Bf7 34. Re4 Qf8 35. Rg4+ Kh8 36. Qxc6 Bg7 37. Rf4 Qe8 38. Qxc7 Bg6 39. Rd1 Be5
40. Rf8+ Qxf8 41. Qxe5+ Qg7 42. Qd5 Re8 43. Qc6 Qe5 44. Qf3 Be4 0-1

[Event "Campeonato de Europa 2011 Femenino"]
[Site "Tbilisi GEO"]
[Date "2011.05.10"]
[Round "4.53"]
[White "Shaydullina, Sandugach"]
[Black "Edes, Zsofia"]
[Result "1-0"]
[WhiteElo "2160"]
[BlackElo "2043"]
[PlyCount "67"]
[EventDate "2011.05.07"]
[EventType "swiss"]
[EventRounds "11"]
[EventCountry "GEO"]
[Source "lmi"]
[SourceDate "2011.05.07"]

1. d4 Nf6 2. c4 Nc6 3. Nc3 e5 4. d5 Ne7 5. e4 Ng6 6. h4 h5 7. Bg5 Bb4 8. Nge2
a5 9. a3 Bc5 10. Na4 Ba7 11. c5 d6 12. b4 b5 13. cxb6 Bxb6 14. Nxb6 cxb6 15. b5
Bg4 16. f3 Bd7 17. Nc3 Qc7 18. Na4 O-O 19. Rc1 Qa7 20. Qd2 Nh7 21. Be3 Rab8 22.
Bd3 Kh8 23. Qf2 Nf4 24. Bf1 Rbc8 25. Rxc8 Rxc8 26. g3 Ng6 27. Bxb6 Qa8 28. Qd2
f5 29. Bxa5 f4 30. Nb6 Rc1+ 31. Kf2 fxg3+ 32. Kxg3 Qa7 33. Qxc1 Qxa5 34. Nxd7
1-0

[Event "Campeonato de Europa 2011 Femenino"]
[Site "Tbilisi GEO"]
[Date "2011.05.10"]
[Round "4.55"]
[White "Zhorzholiani, Meri"]
[Black "Boyard, Marie"]
[Result "1-0"]
[WhiteElo "2136"]
[BlackElo "1989"]
[PlyCount "49"]
[EventDate "2011.05.07"]
[EventType "swiss"]
[EventRounds "11"]
[EventCountry "GEO"]
[Source "lmi"]
[SourceDate "2011.05.07"]

1. c4 e5 2. Nc3 Bb4 3. Nd5 Be7 4. d4 d6 5. e4 Nc6 6. Ne2 Nf6 7. Nxe7 Qxe7 8. f3
exd4 9. Nxd4 O-O 10. Be2 Ne8 11. O-O g6 12. Re1 Ng7 13. Bf1 Qh4 14. Be3 f5 15.
Bf2 Qg5 16. Nxc6 bxc6 17. e5 dxe5 18. Rxe5 Rd8 19. Qa4 Qf4 20. Rae1 Bd7 21. Re7
Qd6 22. c5 Qf6 23. Bd4 Qh4 24. Rxg7+ Kf8 25. g3 1-0

[Event "Campeonato de Europa 2011 Femenino"]
[Site "Tbilisi GEO"]
[Date "2011.05.10"]
[Round "4.56"]
[White "Ikonomopoulou, Maria"]
[Black "Mammadova, Aysel Alishiraz Qiz"]
[Result "1/2-1/2"]
[WhiteElo "2121"]
[BlackElo "1964"]
[PlyCount "58"]
[EventDate "2011.05.07"]
[EventType "swiss"]
[EventRounds "11"]
[EventCountry "GEO"]
[Source "lmi"]
[SourceDate "2011.05.07"]

1. e4 e5 2. Nf3 Nc6 3. Nc3 Bc5 4. Nxe5 Nxe5 5. d4 Bd6 6. dxe5 Bxe5 7. Bd2 d6 8.
Bd3 Ne7 9. f4 Bd4 10. Qf3 Bd7 11. O-O-O Bc6 12. Ne2 Bf6 13. g4 g6 14. Qg3 Qd7
15. e5 Bg7 16. Rhe1 O-O-O 17. exd6 cxd6 18. Bc3 Bxc3 19. Nxc3 Kb8 20. Bc4 Nc8
21. Rd2 Rhe8 22. Red1 f5 23. g5 Re7 24. Nd5 Bxd5 25. Bxd5 Rde8 26. Rd3 Re2 27.
Rb3 Nb6 28. Bg2 R8e7 29. Qf3 R2e4 1/2-1/2

[Event "Campeonato de Europa 2011 Femenino"]
[Site "Tbilisi GEO"]
[Date "2011.05.10"]
[Round "4.57"]
[White "Kharatyan, Anahit"]
[Black "Ghukasyan, Siranush"]
[Result "1-0"]
[WhiteElo "2064"]
[BlackElo "1766"]
[PlyCount "34"]
[EventDate "2011.05.07"]
[EventType "swiss"]
[EventRounds "11"]
[EventCountry "GEO"]
[Source "lmi"]
[SourceDate "2011.05.07"]

1. g3 d5 2. Bg2 e5 3. d3 Nf6 4. Nd2 Bc5 5. e3 O-O 6. Ne2 Bg4 7. h3 Be6 8. Nf3
Nc6 9. d4 exd4 10. exd4 Bd6 11. h4 Re8 12. Be3 Na5 13. b3 Bd7 14. O-O Qc8 15.
Kh2 Ne4 16. Qd3 Qd8 17. Bf4 Be7 1-0

[Event "Campeonato de Europa 2011 Femenino"]
[Site "Tbilisi GEO"]
[Date "2011.05.10"]
[Round "4.58"]
[White "Shamatava, Ana"]
[Black "Girya, Olga"]
[Result "1/2-1/2"]
[WhiteElo "1917"]
[BlackElo "2394"]
[PlyCount "71"]
[EventDate "2011.05.07"]
[EventType "swiss"]
[EventRounds "11"]
[EventCountry "GEO"]
[Source "lmi"]
[SourceDate "2011.05.07"]

1. e4 c5 2. Nf3 Nc6 3. d4 cxd4 4. Nxd4 Qb6 5. Nb3 Nf6 6. Nc3 e6 7. Qe2 d6 8. g3
Be7 9. Bg2 O-O 10. O-O Bd7 11. Be3 Qc7 12. f4 Na5 13. Nxa5 Qxa5 14. g4 Bc6 15.
g5 Nd7 16. a3 a6 17. Rad1 Rfe8 18. Qf2 Qc7 19. h4 b5 20. f5 Ne5 21. Bd4 Bf8 22.
f6 Ng4 23. Qg3 e5 24. Bf2 Nxf2 25. Rxf2 Qb6 26. Nd5 Bxd5 27. Rxd5 Rac8 28. Kh2
Rc5 29. fxg7 Bxg7 30. Qf3 Rf8 31. Qf5 Qc7 32. c3 Qe7 33. Rxc5 dxc5 34. Rd2 Rd8
35. Qf2 Rxd2 36. Qxd2 1/2-1/2

[Event "Campeonato de Europa 2011 Femenino"]
[Site "Tbilisi GEO"]
[Date "2011.05.10"]
[Round "4.59"]
[White "Khazhomia, Salome"]
[Black "Martirosyan, Lia"]
[Result "1-0"]
[WhiteElo "2152"]
[BlackElo "2093"]
[PlyCount "48"]
[EventDate "2011.05.07"]
[EventType "swiss"]
[EventRounds "11"]
[EventCountry "GEO"]
[Source "lmi"]
[SourceDate "2011.05.07"]

1. d4 d5 2. Nf3 Nf6 3. c4 e6 4. Nc3 Be7 5. g3 O-O 6. Bg2 dxc4 7. Ne5 c5 8. dxc5
Qc7 9. c6 Nxc6 10. Nxc6 bxc6 11. Qa4 Nd5 12. Qxc4 Qb6 13. O-O Ba6 14. Qg4 Qb4
15. Bf3 Qxg4 16. Bxg4 Nxc3 17. bxc3 Bf6 18. Be3 Bc4 19. Bf3 Bd5 20. Rac1 Bxf3
21. exf3 Rfb8 22. Rb1 Bxc3 23. Rbc1 Bf6 24. Rxc6 a5 1-0

[Event "Campeonato de Europa 2011 Femenino"]
[Site "Tbilisi GEO"]
[Date "2011.05.10"]
[Round "4.60"]
[White "Asgarova, Turan Nizami qizi"]
[Black "Makka, Ioulia"]
[Result "0-1"]
[WhiteElo "1957"]
[BlackElo "2101"]
[PlyCount "42"]
[EventDate "2011.05.07"]
[EventType "swiss"]
[EventRounds "11"]
[EventCountry "GEO"]
[Source "lmi"]
[SourceDate "2011.05.07"]

1. e4 c6 2. d4 d5 3. exd5 cxd5 4. c4 Nf6 5. Nc3 e6 6. Nf3 Bb4 7. Bd3 dxc4 8.
Bxc4 O-O 9. O-O Nbd7 10. a3 Bxc3 11. bxc3 Qc7 12. Qd3 b6 13. Ba2 Bb7 14. h3
Rfd8 15. Bb2 Nc5 16. Qd1 Qc6 17. Rc1 Nh5 18. Qc2 Nd7 19. Ne1 Nf4 20. f3 Qb5 21.
Kh2 Qxf1 0-1

[Event "Campeonato de Europa 2011 Femenino"]
[Site "Tbilisi GEO"]
[Date "2011.05.10"]
[Round "4.61"]
[White "Unapkoshvili, Nani"]
[Black "Skrabakova, Katarina"]
[Result "1-0"]
[WhiteElo "1970"]
[BlackElo "2071"]
[PlyCount "97"]
[EventDate "2011.05.07"]
[EventType "swiss"]
[EventRounds "11"]
[EventCountry "GEO"]
[Source "lmi"]
[SourceDate "2011.05.07"]

1. d4 d5 2. c4 e6 3. Nf3 Nf6 4. g3 g6 5. Bg2 Bg7 6. O-O O-O 7. Qc2 c6 8. Rd1
Nbd7 9. b3 Re8 10. Nc3 Nb6 11. Qd3 Qe7 12. e4 dxe4 13. Nxe4 Nxe4 14. Qxe4 Nd7
15. Bb2 c5 16. Ba3 Rb8 17. Rab1 b6 18. dxc5 Nxc5 19. Qe3 Bb7 20. Rd2 Rbd8 21.
Rbd1 Qc7 22. Qg5 Rxd2 23. Qxd2 Bf6 24. h3 Rd8 25. Qe2 Ne4 26. Rxd8+ Qxd8 27.
Bb2 Nc3 28. Bxc3 Bxc3 29. Ne5 Bxg2 30. Kxg2 Qd6 31. Ng4 Qc6+ 32. Kh2 Bg7 33.
Qd3 Qc7 34. Qe4 h5 35. Ne3 Be5 36. Nc2 Qc5 37. Kg2 a5 38. Ne1 Bf6 39. Nd3 Qa3
40. Qe3 Qd6 41. Qe4 Kg7 42. Nf4 Bd4 43. Ne2 Bc5 44. Nc3 Qd2 45. Qe5+ Kh7 46.
Ne4 Bd4 47. Qc7 Qxa2 48. Qxf7+ Kh8 49. Ng5 1-0

[Event "Campeonato de Europa 2011 Femenino"]
[Site "Tbilisi GEO"]
[Date "2011.05.10"]
[Round "4.62"]
[White "Soyunlu, Narmin Asat qizi"]
[Black "Mumladze, Maia"]
[Result "0-1"]
[WhiteElo "1884"]
[BlackElo "1517"]
[PlyCount "68"]
[EventDate "2011.05.07"]
[EventType "swiss"]
[EventRounds "11"]
[EventCountry "GEO"]
[Source "lmi"]
[SourceDate "2011.05.07"]

1. d4 f5 2. c4 Nf6 3. g3 g6 4. Bg2 Bg7 5. Nc3 O-O 6. Nf3 d6 7. O-O Qe8 8. d5 e5
9. dxe6 Bxe6 10. Nd4 Bc8 11. Qb3 c6 12. Bf4 Nh5 13. Rad1 Nxf4 14. gxf4 Nd7 15.
e3 Nc5 16. Qc2 a5 17. Nde2 Qe7 18. b3 Be6 19. a3 Bf7 20. Rfe1 Rfe8 21. Ng3 Qf6
22. Rc1 h6 23. Red1 Red8 24. b4 axb4 25. axb4 Na6 26. b5 Nb8 27. bxc6 bxc6 28.
Na4 d5 29. cxd5 Bxd5 30. Bxd5+ cxd5 31. Ne2 Qh4 32. Kg2 Qg4+ 33. Ng3 d4 34. Nc5
Re8 0-1

[Event "Campeonato de Europa 2011 Femenino"]
[Site "Tbilisi GEO"]
[Date "2011.05.10"]
[Round "4.63"]
[White "Khomeriki, Nino"]
[Black "Javakhishvili, Mariam"]
[Result "1-0"]
[WhiteElo "1832"]
[BlackElo "1491"]
[PlyCount "64"]
[EventDate "2011.05.07"]
[EventType "swiss"]
[EventRounds "11"]
[EventCountry "GEO"]
[Source "lmi"]
[SourceDate "2011.05.07"]

1. e4 e5 2. Nf3 Nc6 3. Bb5 f5 4. d3 fxe4 5. dxe4 Nf6 6. O-O d6 7. Re1 Be7 8. h3
a6 9. Bd3 Be6 10. Ng5 Bg8 11. c3 h6 12. Nf3 Bf7 13. Nbd2 b5 14. b3 O-O 15. Nf1
Nh5 16. Kh2 Nf4 17. Bc2 a5 18. g3 Ne6 19. Qd3 Rb8 20. Ne3 b4 21. Nf5 Kh7 22. c4
Ned4 23. N3xd4 Nxd4 24. Nxd4 exd4 25. Qxd4 Bg6 26. Qe3 Bf6 27. Rb1 Qe7 28. Bd2
Qe5 29. f4 Qd4 30. Qe2 Be7 31. Bd3 Qf6 32. Rbd1 Bd8 1-0

[Event "Campeonato de Europa 2011 Femenino"]
[Site "Tbilisi GEO"]
[Date "2011.05.10"]
[Round "4.64"]
[White "Jalaghonia, Nino"]
[Black "Trapaidze, Lizi"]
[Result "0-1"]
[WhiteElo "1562"]
[BlackElo "1744"]
[PlyCount "60"]
[EventDate "2011.05.07"]
[EventType "swiss"]
[EventRounds "11"]
[EventCountry "GEO"]
[Source "lmi"]
[SourceDate "2011.05.07"]

1. d4 d5 2. c4 e6 3. cxd5 exd5 4. Nc3 c6 5. Qc2 g6 6. Bf4 Bd6 7. Bxd6 Qxd6 8.
e3 Bf5 9. Bd3 Bxd3 10. Qxd3 Nf6 11. a3 Nbd7 12. b4 a6 13. Na4 b5 14. Nc5 Nxc5
15. dxc5 Qe5 16. Qd4 Qxd4 17. exd4 O-O 18. Nf3 Rfe8+ 19. Kd1 Ne4 20. Rf1 f6 21.
Nd2 Kf7 22. f3 Nc3+ 23. Kc2 Ne2 24. Nb3 Nf4 25. Rf2 Re6 26. Rd2 Rae8 27. g3 Nh5
28. Na5 Ke7 29. Nb7 Kd7 30. Nd6 Re1 0-1

[Event "Campeonato de Europa 2011 Femenino"]
[Site "Tbilisi GEO"]
[Date "2011.05.10"]
[Round "4.65"]
[White "Gumberidze, Nino"]
[Black "Tedoshvili, Ana"]
[Result "1/2-1/2"]
[WhiteElo "1664"]
[BlackElo "1469"]
[PlyCount "46"]
[EventDate "2011.05.07"]
[EventType "swiss"]
[EventRounds "11"]
[EventCountry "GEO"]
[Source "lmi"]
[SourceDate "2011.05.07"]

1. d4 d5 2. c4 e6 3. Nc3 Bb4 4. e3 Nf6 5. Bd2 O-O 6. Nf3 c5 7. cxd5 Nxd5 8.
Nxd5 Bxd2+ 9. Qxd2 Qxd5 10. dxc5 Qxc5 11. Rc1 Qe7 12. Be2 Nc6 13. O-O Qb4 14.
Qxb4 Nxb4 15. a3 Nd5 16. Rfd1 Bd7 17. Bc4 Bc6 18. Bxd5 Bxd5 19. Rc7 Rac8 20.
Rdc1 Bc6 21. Rxc8 Rxc8 22. Nd4 Bd7 23. Rxc8+ Bxc8 1/2-1/2

[Event "Campeonato de Europa 2011 Femenino"]
[Site "Tbilisi GEO"]
[Date "2011.05.11"]
[Round "5.2"]
[White "Bodnaruk, Anastasia"]
[Black "Khotenashvili, Bela"]
[Result "1/2-1/2"]
[WhiteElo "2419"]
[BlackElo "2470"]
[PlyCount "166"]
[EventDate "2011.05.07"]
[EventType "swiss"]
[EventRounds "11"]
[EventCountry "GEO"]
[Source "lmi"]
[SourceDate "2011.05.07"]

1. e4 c6 2. d4 d5 3. Nd2 dxe4 4. Nxe4 Nf6 5. Nxf6+ gxf6 6. c3 Qd5 7. c4 Qe4+ 8.
Be3 h5 9. Ne2 Na6 10. Ng3 Qg6 11. Bd3 f5 12. Qf3 Nb4 13. Bb1 e6 14. a3 Na6 15.
h4 Qg4 16. Qxg4 hxg4 17. Ne2 c5 18. Bc2 Bd7 19. O-O-O Rc8 20. d5 e5 21. Bg5 Bg7
22. Ng3 e4 23. f3 Be5 24. Nf1 f6 25. Bd2 exf3 26. gxf3 g3 27. Ne3 Kf7 28. Ng2
Nc7 29. f4 Bd6 30. Rdf1 Rcg8 31. Rh3 b5 32. b3 bxc4 33. bxc4 Na8 34. Rf3 Nb6
35. Bd3 Rg4 36. Be2 Re8 37. Re3 Rxe3 38. Bxe3 Rg8 39. Bd2 Bc8 40. Bd3 Ke7 41.
h5 Rh8 42. Kc2 Kf7 43. h6 Rh7 44. Be1 Bf8 45. Bxg3 Bxh6 46. Ne3 Kg6 47. Rh1 Re7
48. Ng2 Kg7 49. Bf2 Na4 50. Be3 Rb7 51. Bc1 Re7 52. Nh4 Nb6 53. Bxf5 Re8 54.
Rg1+ Kf8 55. Rg6 Bg7 56. Bxc8 Nxc8 57. Kd3 Kf7 58. Be3 Bf8 59. Rg2 Nb6 60. Nf5
Na4 61. Rh2 Kg6 62. Nh4+ Kf7 63. Nf3 Kg6 64. Rg2+ Kf7 65. Bc1 Rb8 66. Kc2 Nb6
67. Kd3 Na4 68. Nd2 Bh6 69. Rf2 f5 70. Kc2 Nb6 71. Bb2 Rg8 72. Be5 Rg3 73. Bd6
Bf8 74. Bxf8 Kxf8 75. Re2 Rg4 76. Rf2 Rg3 77. Re2 Rg4 78. Re6 Rxf4 79. Kd3 Rd4+
80. Kc3 Na4+ 81. Kc2 Nb6 82. Kc3 Na4+ 83. Kc2 Nb6 1/2-1/2

[Event "Campeonato de Europa 2011 Femenino"]
[Site "Tbilisi GEO"]
[Date "2011.05.11"]
[Round "5.3"]
[White "Kosintseva, Nadezhda"]
[Black "Paikidze, Nazi"]
[Result "0-1"]
[WhiteElo "2567"]
[BlackElo "2408"]
[PlyCount "96"]
[EventDate "2011.05.07"]
[EventType "swiss"]
[EventRounds "11"]
[EventCountry "GEO"]
[Source "lmi"]
[SourceDate "2011.05.07"]

1. e4 c5 2. Nf3 d6 3. d4 cxd4 4. Nxd4 Nf6 5. Nc3 a6 6. Be3 e5 7. Nf3 Qc7 8. a4
Be7 9. a5 O-O 10. Be2 Nc6 11. Bb6 Qb8 12. Nd5 Nxe4 13. O-O Bf5 14. Nc7 Ra7 15.
Bxa7 Qxa7 16. Nd5 Bd8 17. b4 Be6 18. Ra3 Nf6 19. Nxf6+ Bxf6 20. b5 axb5 21. Nd2
b4 22. Ra4 d5 23. Nb3 Be7 24. a6 bxa6 25. Rxa6 Qc7 26. Qd3 Rb8 27. Rfa1 g6 28.
h3 Bd6 29. Ra8 Kg7 30. Rxb8 Nxb8 31. Bg4 f5 32. Bf3 d4 33. Qd2 Qc3 34. Ra7+ Kf6
35. Qd1 d3 36. cxd3 Bxb3 37. Qb1 Bc2 38. Qc1 Bxd3 39. Qd1 Qc2 40. Qa1 Qb1+ 41.
Qxb1 Bxb1 42. Bd5 e4 43. Rxh7 Ke5 44. Bf7 Nc6 45. Bxg6 b3 46. Rb7 Nb4 47. Bf7
b2 48. h4 f4 0-1

[Event "Campeonato de Europa 2011 Femenino"]
[Site "Tbilisi GEO"]
[Date "2011.05.11"]
[Round "5.4"]
[White "Foisor, Cristina-Adela"]
[Black "Muzychuk, Anna"]
[Result "1/2-1/2"]
[WhiteElo "2414"]
[BlackElo "2537"]
[PlyCount "85"]
[EventDate "2011.05.07"]
[EventType "swiss"]
[EventRounds "11"]
[EventCountry "GEO"]
[Source "lmi"]
[SourceDate "2011.05.07"]

1. Nf3 f5 2. d4 Nf6 3. g3 g6 4. b3 Bg7 5. Bb2 O-O 6. Bg2 d6 7. O-O c6 8. Nbd2
Na6 9. Ne1 e5 10. dxe5 Ng4 11. Nc4 d5 12. Nd2 Nxe5 13. Rb1 f4 14. Ndf3 Nxf3+
15. Nxf3 Bxb2 16. Rxb2 Bg4 17. Qd4 Nc7 18. c4 Qe7 19. Qe5 Qd7 20. Rd2 Rae8 21.
Qd4 Ne6 22. Qb2 Bxf3 23. Bxf3 Ng5 24. cxd5 Nxf3+ 25. exf3 cxd5 26. Qd4 Rd8 27.
g4 b6 28. Re1 Rfe8 29. Rxe8+ Qxe8 30. Qxf4 Qf7 31. Qg5 Rd7 32. Kg2 d4 33. Qb5
Rd8 34. Rd3 Qf4 35. h4 Qd6 36. Qc4+ Kg7 37. a4 h5 38. g5 a5 39. Kh3 Qd7+ 40.
Kg3 Qd6+ 41. Kg2 Rd7 42. Kh3 Rd8 43. Kg2 1/2-1/2

[Event "Campeonato de Europa 2011 Femenino"]
[Site "Tbilisi GEO"]
[Date "2011.05.11"]
[Round "5.6"]
[White "Zawadzka, Jolanta"]
[Black "Stefanova, Antoaneta"]
[Result "0-1"]
[WhiteElo "2400"]
[BlackElo "2506"]
[PlyCount "60"]
[EventDate "2011.05.07"]
[EventType "swiss"]
[EventRounds "11"]
[EventCountry "GEO"]
[Source "lmi"]
[SourceDate "2011.05.07"]

1. e4 c6 2. d4 d5 3. e5 Bf5 4. Nf3 e6 5. Be2 Ne7 6. O-O Nc8 7. b3 Be7 8. c4 O-O
9. Re1 f6 10. Nc3 Nd7 11. h3 fxe5 12. dxe5 Ncb6 13. Be3 Bb4 14. Qc1 dxc4 15.
bxc4 Qe7 16. Rd1 Ba3 17. Qd2 h6 18. Bf4 Rad8 19. Nd4 Bh7 20. Bg3 Nc5 21. Bf1
Rd7 22. f3 Rfd8 23. Bf2 Nca4 24. Nxa4 Nxa4 25. Qa5 Nb2 26. Re1 Rxd4 27. Bxd4
Rxd4 28. Qc3 Qc5 29. Kh1 Nd3 30. Re3 Bb2 0-1

[Event "Campeonato de Europa 2011 Femenino"]
[Site "Tbilisi GEO"]
[Date "2011.05.11"]
[Round "5.10"]
[White "Ovod, Evgenija"]
[Black "Hoang Thanh Trang"]
[Result "1/2-1/2"]
[WhiteElo "2404"]
[BlackElo "2456"]
[PlyCount "96"]
[EventDate "2011.05.07"]
[EventType "swiss"]
[EventRounds "11"]
[EventCountry "GEO"]
[Source "lmi"]
[SourceDate "2011.05.07"]

1. Nf3 e6 2. c4 f5 3. g3 Nf6 4. Bg2 d5 5. O-O Bd6 6. Nc3 c6 7. d3 O-O 8. cxd5
cxd5 9. e4 dxe4 10. dxe4 fxe4 11. Ng5 Be5 12. Qb3 Qe7 13. Be3 Nc6 14. Qc4 Rd8
15. Rad1 Bd7 16. Bc5 Qe8 17. Ncxe4 b6 18. f4 Bxb2 19. Qc2 bxc5 20. Qxb2 Nxe4
21. Bxe4 h6 22. Nf3 Rac8 23. Bb1 Nd4 24. Nxd4 cxd4 25. Rxd4 Bc6 26. Re1 Qh5 27.
Qf2 Rxd4 28. Qxd4 Qd5 29. Qxd5 Bxd5 30. Bg6 Kf8 31. h4 Rc3 32. Kh2 Ra3 33. h5
Rxa2+ 34. Kh3 Ke7 35. Rc1 Kd6 36. Rc8 Rb2 37. Rd8+ Kc5 38. Bf7 Rb7 39. Bg8 Bb3
40. Ra8 Kb4 41. g4 a5 42. f5 a4 43. Bxe6 Re7 44. Rb8+ Kc3 45. Rc8+ Kb2 46. Rb8
Kc3 47. Rc8+ Kb2 48. Rb8 Ka2 1/2-1/2

[Event "Campeonato de Europa 2011 Femenino"]
[Site "Tbilisi GEO"]
[Date "2011.05.11"]
[Round "5.11"]
[White "Charkhalashvili, Inga"]
[Black "Javakhishvili, Lela"]
[Result "0-1"]
[WhiteElo "2373"]
[BlackElo "2454"]
[PlyCount "82"]
[EventDate "2011.05.07"]
[EventType "swiss"]
[EventRounds "11"]
[EventCountry "GEO"]
[Source "lmi"]
[SourceDate "2011.05.07"]

1. d4 Nf6 2. c4 e6 3. Nf3 b6 4. g3 Ba6 5. b3 b5 6. c5 Bb7 7. Bg2 d6 8. cxd6
cxd6 9. O-O Be7 10. Qd3 Qb6 11. Nbd2 Nc6 12. a3 d5 13. h3 b4 14. a4 Ba6 15. Qe3
O-O 16. Bb2 Nd7 17. Rfc1 Bd6 18. Ne1 Rae8 19. Nd3 e5 20. Bxd5 exd4 21. Bxf7+
Kh8 22. Qxe8 Rxe8 23. Bxe8 Nde5 24. Ne4 Na5 25. Nxe5 Bxe5 26. Rc5 Bf6 27. Bf7
d3 28. Rac1 dxe2 29. Be5 Nc6 30. a5 Qd8 31. Rd5 Qe7 32. Bh5 Bxe5 33. Bxe2 Bxe2
34. Rxc6 h6 35. Nc5 Bf3 36. Rc8+ Kh7 37. Rd3 Qf7 38. Nd7 Be4 39. Nxe5 Qf5 40.
Rd1 Qxc8 41. Re1 Bd5 0-1